Alle Niederlagen der deutschen Nationalmannschaft bei WM und EM - Statistiken

Allgemein
  • Dieses Quiz wurde 279 mal gespielt
  • Das Durchschnittsergebnis liegt bei 33 aus 38
Antwortstatistiken
Turnier Runde Gegner Ergebnis % Korrekt
EM 1984 Vorrunde Spanien 0:1
100%
EM 2008 Finale Spanien 0:1
100%
WM 2010 Halbfinale Spanien 0:1
100%
EM 2024 Viertelfinale Spanien 1:2
100%
WM 1966 Finale England 2:4
98%
EM 2000 Vorrunde England 0:1
98%
EM 2021 Achtelfinale England 0:2
98%
WM 1958 Spiel um Platz 3 Frankreich 3:6
97%
EM 2016 Halbfinale Frankreich 0:2
97%
EM 2021 Vorrunde Frankreich 0:1
97%
WM 1970 Halbfinale Italien 3:4
97%
WM 1982 Finale Italien 1:3
97%
WM 2006 Halbfinale Italien 0:2
97%
EM 2012 Halbfinale Italien 1:2
97%
WM 2002 Finale Brasilien 0:2
96%
WM 1986 Finale Argentinien 2:3
95%
WM 2018 Vorrunde Südkorea 0:2
95%
WM 2022 Vorrunde Japan 1:2
92%
WM 2018 Vorrunde Mexiko 0:1
92%
EM 1988 Halbfinale Niederlande 1:2
91%
EM 1992 Vorrunde Niederlande 1:3
91%
WM 1954 Vorrunde Ungarn 3:8
89%
EM 2000 Vorrunde Portugal 0:3
88%
WM 1986 Vorrunde Dänemark 0:2
86%
EM 1992 Finale Dänemark 0:2
86%
WM 1958 Halbfinale Schweden 1:3
86%
WM 1978 Zweite Runde Österreich 2:3
83%
WM 1938 Achtelfinale Schweiz 2:4
78%
WM 1998 Viertelfinale Kroatien 0:3
74%
EM 2008 Vorrunde Kroatien 1:2
74%
WM 2010 Vorrunde Serbien 0:1
74%
EM 2004 Vorrunde Tschechien 1:2
67%
WM 1994 Viertelfinale Bulgarien 1:2
61%
WM 1974 Vorrunde DDR 0:1
61%
WM 1962 Viertelfinale Jugoslawien 0:1
60%
WM 1934 Halbfinale Tschechoslowakei 1:3
59%
EM 1976 Finale Tschechoslowakei 5:7
59%
WM 1982 Vorrunde Algerien 1:2
39%
Keine übereinstimmenden Quizze gefunden
Verteilung der Resultate
Anzahl Personen mit jedem Resultat
Perzentil nach korrekt beantworteten Fragen
Ihre Resultats-Entwicklung
Sie haben dieses Quiz noch nicht gespielt